| 000 | 01191nam a2200373 a 4500 | ||
|---|---|---|---|
| 001 | 9354 | ||
| 003 | FISKH | ||
| 005 | 20251211145812.0 | ||
| 008 | 841023s1985 nyua j 000 1 eng | ||
| 010 | _a 84072867 | ||
| 020 | _a0307020010 | ||
| 020 |
_a0307602699 _qlib. bdg. |
||
| 020 | _a9780307020017 | ||
| 020 |
_a9780307602695 _q(lib. bdg.) |
||
| 035 | _a2843980 | ||
| 040 |
_aDLC _cDLC _dDLC _beng |
||
| 050 | _aPZ7.R71877 B | ||
| 082 | _a394.2663 | ||
| 100 | 1 | _aRosenberg, Amye. | |
| 245 | 1 | 4 |
_aThe biggest, most beautiful Christmas tree / _cstory and pictures by Amye Rosenberg. |
| 260 |
_aRacine : _bWestern, _c1985. |
||
| 300 |
_a24 unnumbered pages : _bcolor illustrations ; _c20 cm |
||
| 490 | 0 | _aA Little golden book | |
| 505 | _aH | ||
| 520 | _aResidents of a great fir tree in a thick forest make their home noticeable in hopes that Santa will come for his first visit to them. | ||
| 521 | 8 |
_a430
_bLexile estimate |
|
| 521 | 8 |
_aH
_bRaz-Plus |
|
| 650 | 1 |
_aChristmas trees _xFiction. |
|
| 650 | 1 |
_aChristmas _xFiction. |
|
| 650 | 1 |
_aAnimals _xFiction. |
|
| 906 |
_a7 _bcbc _corignew _d2 _eopcn _f19 _gy-gencatlg |
||
| 942 |
_2ddc _cBK _n0 |
||
| 999 |
_c9354 _d9354 |
||